| 000 | 00990nam a22003017a 4500 | ||
|---|---|---|---|
| 003 | CHAP | ||
| 005 | 20220329135902.0 | ||
| 008 | 971013s1958 r 00010 d | ||
| 010 | _a43770 | ||
| 011 | _a44742 | ||
| 035 | _a48880 | ||
| 040 | _cCHAP | ||
| 082 |
_a636.50824 _bF85Y |
||
| 100 | 0 | 0 |
_aFunk, Ernest M. _944050 |
| 245 | _aIncubación artificial | ||
| 260 |
_aMéxico, D.F. : _bUTEHA, _c1958 |
||
| 300 |
_a398 p. _b: ilus. |
||
| 590 |
_aBATCH-UPD _b10 _c20130110 _lUCH01 _h2119 |
||
| 590 |
_aCONVERSION _b10 _c20130109 _lUCH01 _h1324 |
||
| 650 | 1 | 4 |
_aIncubadoras. _957535 |
| 700 | 0 |
_aIrwin, M. Richard. _960528 |
|
| 901 | _aBK | ||
| 942 | _cLIBRO | ||
| 949 |
_a636.50824 F85Y _bBC _cLIBRO _d33724000100038 _eLIBRO _fc.4 _h40085 _i48880 _si |
||
| 949 |
_a636.50824 F85Y _bBC _cLIBRO _d33724000100046 _eLIBRO _fc.2 _h39468 _i48880 _si |
||
| 949 |
_a636.50824 F85Y _bBC _cLIBRO _d33724000100053 _eLIBRO _fc.3 _h39606 _i48880 _si |
||
| 949 |
_a636.50824 F85Y _bBC _cLIBRO _d488801 _eLIBRO _h11671 _i48880 _si |
||
| 999 |
_c43770 _d43770 |
||